[Event "Chigorin Memorial Open"]
[Site "St Petersburg RUS"]
[Date "2011.10.15"]
[Round "2.14"]
[White "Ponfilenok, Vladimir"]
[Black "Rakhmanov, Aleksandr"]
[Result "0-1"]
[BlackTitle "GM"]
[WhiteElo "2402"]
[BlackElo "2592"]
[WhiteFideId "24113522"]
[BlackFideId "4173708"]
[EventDate "2011.10.14"]

1. d4 Nf6 2. Nf3 g6 3. g3 Bg7 4. Bg2 O-O 5. c4 c6 6. O-O d5 7. cxd5 cxd5 8. Nc3
Nc6 9. Ne5 e6 10. Nxc6 bxc6 11. Bg5 h6 12. Bf4 Nh5 13. Be3 f5 14. f4 g5 15. Rc1
Nf6 16. Kh1 Bd7 17. Na4 Ne4 18. Nc5 Nxc5 19. Rxc5 g4 20. Qd3 h5 21. h4 gxh3 22.
Bf3 h4 23. g4 e5 24. dxe5 fxg4 25. Bxd5+ cxd5 26. Qxd5+ Rf7 27. e6 Bxe6 28. Qxe6
Qe7 29. Qxg4 Qxe3 30. Rg5 Re8 31. f5 Qxe2 32. Rg1 Qxb2 33. Qc4 Qb7+ 34. Kh2 Kf8
35. Kxh3 Qf3+ 0-1

[Event "Chigorin Memorial Open"]
[Site "St Petersburg RUS"]
[Date "2011.10.15"]
[Round "2.16"]
[White "Solovjov, Sergey I."]
[Black "Burmakin, Vladimir"]
[Result "1/2-1/2"]
[WhiteTitle "IM"]
[BlackTitle "GM"]
[WhiteElo "2398"]
[BlackElo "2588"]
[WhiteFideId "4122780"]
[BlackFideId "4105109"]
[EventDate "2011.10.14"]

1. e4 c6 2. d4 d5 3. f3 Qb6 4. Nc3 dxe4 5. Bc4 Nf6 6. Bb3 e3 7. Bxe3 Bf5 8. Qe2
Nd5 9. Nxd5 cxd5 10. g4 Bd7 11. O-O-O Bb5 12. Qe1 Qc6 13. Ne2 Nd7 14. Nf4 Bc4
15. Bxc4 Qxc4 16. Kb1 e6 17. Bf2 Be7 18. h4 Rc8 19. Qd2 Rc6 20. Nd3 O-O 21. g5
Rfc8 22. Rc1 Ra6 23. b3 Qc3 24. Qxc3 Rxc3 25. Be1 Rc8 26. Bb4 Bxb4 27. Nxb4 Rb6
28. c3 Nb8 29. f4 Nc6 30. Nd3 Ne7 31. h5 Rbc6 32. Kb2 Nf5 33. h6 gxh6 34. gxh6
Kf8 35. Ne5 R6c7 36. a4 Ke7 37. Nf3 Rg8 38. Rcg1 Rxg1 39. Rxg1 Rc8 40. a5 a6 41.
Ne5 Rh8 42. Rh1 Rg8 43. Rh3 Rg3 44. Rxg3 Nxg3 45. Ka3 f6 46. Nd3 Ne4 47. Kb4 Kd6
48. c4 Kc6 1/2-1/2

[Event "Chigorin Memorial Open"]
[Site "St Petersburg RUS"]
[Date "2011.10.15"]
[Round "2.17"]
[White "Pankov, German"]
[Black "Bocharov, Dmitry"]
[Result "0-1"]
[WhiteTitle "FM"]
[BlackTitle "GM"]
[WhiteElo "2392"]
[BlackElo "2582"]
[WhiteFideId "4174569"]
[BlackFideId "4138716"]
[EventDate "2011.10.14"]

1. c4 g6 2. Nc3 Bg7 3. Nf3 c5 4. d4 cxd4 5. Nxd4 Nc6 6. Nc2 Bxc3+ 7. bxc3 Nf6 8.
Bh6 Qa5 9. Qd3 d6 10. Ne3 Rg8 11. Nd5 Be6 12. Rd1 Bxd5 13. cxd5 Ne5 14. Qb1 g5
15. Qb4 Qxb4 16. cxb4 Rg6 17. f4 Rxh6 18. fxg5 Rh4 19. gxf6 Rxb4 20. Rc1 exf6
21. g3 Kf8 22. Bh3 Rb2 23. O-O Kg7 24. a4 Rxe2 25. Rf4 Rb8 26. Rcf1 b5 27. Rb1
a6 28. axb5 Rxb5 29. Rxb5 axb5 30. Rb4 Rd2 31. Rxb5 Nf3+ 32. Kf1 Nxh2+ 33. Ke1
Nf3+ 34. Kf1 f5 35. Bg2 Ne5 36. Kg1 Kf6 37. Rb6 Kg5 38. Rxd6 Kg4 39. Rh6 Kxg3
40. Rh3+ Kf4 41. Rxh7 Ng4 42. Rh4 Rd1+ 43. Bf1 Rxd5 44. Rh3 Rd1 45. Rd3 Ra1 0-1

[Event "Chigorin Memorial Open"]
[Site "St Petersburg RUS"]
[Date "2011.10.15"]
[Round "2.18"]
[White "Vorobiov, Evgeny E."]
[Black "Kashlinskaya, Alina"]
[Result "1-0"]
[WhiteTitle "GM"]
[BlackTitle "WGM"]
[WhiteElo "2581"]
[BlackElo "2385"]
[WhiteFideId "4121341"]
[BlackFideId "4198026"]
[EventDate "2011.10.14"]

1. d4 Nf6 2. c4 g6 3. g3 c5 4. d5 b5 5. cxb5 a6 6. bxa6 d6 7. Nc3 Bg7 8. Nf3 O-O
9. Bg2 Nbd7 10. O-O Nb6 11. Ne1 Bxa6 12. Nc2 Ng4 13. Rb1 Bc4 14. h3 Bxc3 15.
bxc3 Nf6 16. Ne3 Bxa2 17. Rb2 Qc7 18. Qd3 Nfd7 19. Qe4 Nf6 20. Qd3 Nfd7 21. Qe4
Rfe8 22. Qc2 Qa7 23. Bd2 Qa4 24. Rc1 Ra7 25. c4 Qxc2 26. Rcxc2 Rea8 27. Be4 Ra4
28. Bd3 R8a6 29. f4 e6 30. dxe6 fxe6 31. Kf2 Ra3 32. Bc1 R3a4 33. h4 Nf6 34. Rb5
d5 35. cxd5 c4 36. Rxa2 Rxa2 37. Nxc4 Nfxd5 38. Bb2 R2a4 39. Rc5 Nxc4 40. Bxc4
R6a5 41. Rc8+ Kf7 42. Bxd5 exd5 43. Rc7+ Ke6 44. Rxh7 d4 45. Rb7 Kd5 46. Kf3 Kc4
47. Ke4 Ra2 48. Rc7+ Kb3 49. Bxd4 Rxe2+ 50. Kf3 Re6 51. Be5 Ra4 52. Rc3+ Kb4 53.
Re3 Kc5 54. Kg4 Kd5 55. Kg5 Re4 56. Rd3+ Kc6 57. h5 gxh5 58. Kf5 R6xe5+ 59. fxe5 1-0

[Event "Chigorin Memorial Open"]
[Site "St Petersburg RUS"]
[Date "2011.10.15"]
[Round "2.19"]
[White "Tilicheev, Viacheslav"]
[Black "Deviatkin, Andrei"]
[Result "0-1"]
[WhiteTitle "FM"]
[BlackTitle "GM"]
[WhiteElo "2389"]
[BlackElo "2580"]
[WhiteFideId "24114928"]
[BlackFideId "4121260"]
[EventDate "2011.10.14"]

1. d4 d5 2. c4 c6 3. Nf3 Nf6 4. Nc3 dxc4 5. a4 Bf5 6. e3 e6 7. Bxc4 Bb4 8. O-O
O-O 9. Qe2 Bg6 10. Ne5 Nbd7 11. Nxg6 hxg6 12. Rd1 Qa5 13. Na2 Be7 14. b4 Qh5 15.
Qxh5 gxh5 16. Bd2 Rfd8 17. Be2 g6 18. f3 Bd6 19. Be1 e5 20. dxe5 Bxe5 21. Rac1
Nd5 22. e4 Nf4 23. Bf1 Ne6 24. g3 Bd4+ 25. Kg2 Ne5 26. Be2 g5 27. Bd2 Rd7 28. f4
gxf4 29. gxf4 Ng6 30. Kf3 Rad8 31. f5 Bb2 32. fxe6 Rxd2 33. Rxd2 Rxd2 34. Rd1
Rc2 35. Bd3 Rxh2 36. Bc4 fxe6 37. Bxe6+ Kg7 38. b5 c5 39. Nc1 Ne5+ 40. Kg3 Rc2
41. Nb3 Kf6 42. Bd5 Kg5 43. Na5 h4+ 44. Kh3 Ng4 0-1

[Event "Chigorin Memorial Open"]
[Site "St Petersburg RUS"]
[Date "2011.10.15"]
[Round "2.21"]
[White "Kovalenko, Igor"]
[Black "Karasev, Vladimir I"]
[Result "1-0"]
[WhiteTitle "IM"]
[BlackTitle "IM"]
[WhiteElo "2578"]
[BlackElo "2372"]
[WhiteFideId "14117908"]
[BlackFideId "4103971"]
[EventDate "2011.10.14"]

1. e4 c5 2. Nf3 e6 3. d4 cxd4 4. Nxd4 a6 5. Nc3 Qc7 6. Bd3 Bd6 7. Qe2 Be5 8. Qe3
Nf6 9. Nde2 Ng4 10. Qh3 h5 11. f3 Bxc3+ 12. Nxc3 Ne5 13. f4 Nxd3+ 14. cxd3 Nc6
15. O-O d6 16. Qg3 g6 17. f5 h4 18. Qg5 Rh5 19. Qf6 gxf5 20. Qg7 Qe7 21. Bh6 f6
22. Qg8+ Kd7 23. exf5 Nd4 24. Rae1 Nxf5 25. Bf8 Qe8 26. Nd5 1-0

[Event "Chigorin Memorial Open"]
[Site "St Petersburg RUS"]
[Date "2011.10.15"]
[Round "2.23"]
[White "Serov, Maksim"]
[Black "Kovchan, Alexander"]
[Result "0-1"]
[BlackTitle "GM"]
[WhiteElo "2388"]
[BlackElo "2569"]
[WhiteFideId "4181905"]
[BlackFideId "14103052"]
[EventDate "2011.10.14"]

1. d4 Nf6 2. c4 g6 3. Nf3 Bg7 4. d5 c6 5. Nc3 cxd5 6. cxd5 Qa5 7. Qd4 O-O 8. Bd2
d6 9. b4 Qb6 10. e3 Nbd7 11. Qc4 Qd8 12. Rc1 Nb6 13. Qb3 e6 14. Bc4 Nxc4 15.
Qxc4 exd5 16. Nxd5 Be6 17. Nxf6+ Bxf6 18. Qf4 Bxa2 19. Bc3 Bxc3+ 20. Rxc3 d5 21.
h4 Bc4 22. h5 Qe7 23. Ng5 f6 24. Rxc4 fxg5 25. Qc7 Qxc7 26. Rxc7 Rac8 27. Rxc8
Rxc8 28. Kd2 Rc4 29. hxg6 hxg6 30. b5 Rb4 31. Ra1 Rxb5 32. Rxa7 Kf7 33. Kd3 Ke6
34. Kc3 Rb1 35. Kd4 Rb2 36. f3 Rd2+ 37. Kc5 Rc2+ 38. Kd4 Rd2+ 39. Kc5 g4 40.
fxg4 Rxg2 41. Rxb7 Rxg4 42. Rg7 g5 43. Rg6+ Ke5 44. Rg8 Rc4+ 45. Kb5 Kf5 46. Rd8
Kg4 47. Rxd5 Re4 48. Kc5 Rxe3 49. Kd4 Re1 50. Ra5 Kh4 51. Ra7 g4 52. Rh7+ Kg3
53. Kd3 Kg2 54. Kd2 Re8 55. Kd1 g3 56. Kd2 Kg1 57. Rg7 g2 58. Kd1 Rh8 0-1

[Event "Chigorin Memorial Open"]
[Site "St Petersburg RUS"]
[Date "2011.10.15"]
[Round "2.24"]
[White "Zontakh, Andrey"]
[Black "Egorov, Dmitry"]
[Result "1-0"]
[WhiteTitle "GM"]
[BlackTitle "FM"]
[WhiteElo "2569"]
[BlackElo "2353"]
[WhiteFideId "14101130"]
[BlackFideId "4128303"]
[EventDate "2011.10.14"]

1. Nf3 c5 2. c4 Nf6 3. Nc3 Nc6 4. d4 cxd4 5. Nxd4 g6 6. e4 Bg7 7. Nc2 O-O 8. Be2
d6 9. O-O Bd7 10. Bg5 Rc8 11. Qd2 Na5 12. Na3 a6 13. Rac1 Nc6 14. Rfd1 Be6 15.
f3 Re8 16. Be3 Qc7 17. Nd5 Qb8 18. Nb6 Rcd8 19. Nb1 Nd7 20. Nd5 Rc8 21. Nbc3
Nce5 22. b3 Nc6 23. Qe1 Nce5 24. Qh4 Nf6 25. Nb6 Rcd8 26. Qf2 Bd7 27. b4 Be6 28.
a4 Nfd7 29. Nbd5 Rc8 30. Qf1 Nc6 31. b5 Bxd5 32. Nxd5 Na5 33. Rb1 axb5 34. Rxb5
Qa8 35. Kh1 e6 36. Nb6 Nxb6 37. Bxb6 Nc6 38. a5 Bf8 39. f4 Qb8 40. Qf2 Be7 41.
Rdb1 Bd8 42. Bxd8 Nxd8 43. a6 Qc7 44. axb7 Rb8 45. e5 dxe5 46. Bf3 exf4 47. c5
e5 48. Qc2 e4 49. Bxe4 Nxb7 50. h3 Na5 51. Rxb8 Rxb8 52. Rxb8+ Qxb8 53. c6 Qb4
54. Qc1 Nxc6 55. Bxc6 Qd4 56. Qe1 Kg7 57. Bb5 Kf6 58. Qf1 Qe3 59. Bc4 Qd4 60.
Bb3 Kg7 61. Qf3 Qe5 62. Kh2 Qd4 63. Qb7 Qf6 64. Bd5 Kg8 65. Bc4 Kg7 66. Qd5 Kg8
67. Kh1 Qa1+ 68. Kh2 Qf6 69. Kg1 Kg7 70. Kf1 h6 71. Qe4 Kg8 72. Ke2 Kg7 73. Kf3
g5 74. Bd3 Kf8 75. Kg4 Qb6 76. Bc4 Qd6 77. Bd5 Kg7 78. Qd4+ Kf8 79. Qe4 Kg7 80.
Qf5 Kg8 81. Qxf7+ 1-0

[Event "Chigorin Memorial Open"]
[Site "St Petersburg RUS"]
[Date "2011.10.15"]
[Round "2.25"]
[White "Vlasenko, Miroslav"]
[Black "Shimanov, Aleksandr"]
[Result "0-1"]
[WhiteTitle "IM"]
[BlackTitle "GM"]
[WhiteElo "2382"]
[BlackElo "2565"]
[WhiteFideId "4151887"]
[BlackFideId "4198603"]
[EventDate "2011.10.14"]

1. d4 g6 2. Bf4 Bg7 3. e3 d6 4. Nf3 Nd7 5. Bc4 e6 6. O-O a6 7. a4 b6 8. e4 Ne7
9. Nc3 h6 10. Re1 Bb7 11. h3 O-O 12. Qe2 g5 13. Bg3 Ng6 14. Rad1 Kh8 15. Nh2 f5
16. Qh5 Ne7 17. exf5 exf5 18. Re6 Nf6 19. Be5 Neg8 20. Qg6 dxe5 21. dxe5 Nd7 22.
Ng4 b5 23. axb5 axb5 24. Bxb5 c6 25. Bd3 Qc7 26. Ne4 Nxe5 27. Nxe5 Bxe5 28. Nxg5
Qg7 29. Bxf5 Bxb2 30. Ne4 Qxg6 31. Bxg6 Ra1 32. Rxa1 Bxa1 33. Nd6 Ba8 34. Bh5 c5
35. Nf7+ Kg7 36. Ra6 Bd4 37. Ra7 Kf6 38. c4 Ne7 39. Nxh6 Kg5 40. Ng4 Nf5 41. Bf7
Nd6 42. Be6 Re8 43. Bd7 Re1+ 44. Kh2 Be4 45. Ra6 Nf5 46. Re6 Re2 47. Be8 Ng7 48.
Re7 Bd3 49. Rxe2 Bxe2 50. Bf7 Bxg4 51. hxg4 Bxf2 52. Kh3 Kf4 53. g3+ Bxg3 54. g5
Be1 55. g6 Kg5 56. Kg2 Kf6 57. Kf3 Nf5 58. Ke4 Ne7 59. Be8 Nxg6 60. Bd7 Ne5 61.
Bh3 Bf2 62. Kd5 Nd3 63. Ke4 Nb4 64. Kf3 Bd4 65. Ke4 Nc2 66. Bf1 Ne3 67. Bd3 Ke6
68. Be2 Kd6 69. Bd3 Kc6 0-1

[Event "Chigorin Memorial Open"]
[Site "St Petersburg RUS"]
[Date "2011.10.15"]
[Round "2.26"]
[White "Lintchevski, Daniil"]
[Black "Yuferev, Oleg"]
[Result "1-0"]
[WhiteTitle "GM"]
[BlackTitle "FM"]
[WhiteElo "2558"]
[BlackElo "2351"]
[WhiteFideId "4171055"]
[BlackFideId "4131720"]
[EventDate "2011.10.14"]

1. d4 d5 2. c4 dxc4 3. Nf3 a6 4. e3 e6 5. Bxc4 c5 6. O-O Nf6 7. dxc5 Qxd1 8.
Rxd1 Bxc5 9. Be2 b6 10. Nbd2 Nbd7 11. b3 Bb7 12. Bb2 Ke7 13. Ne1 b5 14. a4 bxa4
15. Nd3 Rhc8 16. Nxc5 Nxc5 17. Ba3 Nd7 18. bxa4 Kf6 19. Bb2+ Ke7 20. f3 g6 21.
e4 Bc6 22. Ba3 Kf6 23. Nc4 Bxa4 24. Rxd7 Bxd7 25. Nb6 1-0

[Event "Chigorin Memorial Open"]
[Site "St Petersburg RUS"]
[Date "2011.10.15"]
[Round "2.27"]
[White "Zozulia, Anna"]
[Black "Maiorov, Nikita1"]
[Result "1/2-1/2"]
[WhiteTitle "IM"]
[BlackTitle "GM"]
[WhiteElo "2377"]
[BlackElo "2558"]
[WhiteFideId "14102110"]
[BlackFideId "13501720"]
[EventDate "2011.10.14"]

1. e4 e5 2. Nf3 Nc6 3. Nc3 Nf6 4. Bb5 Bd6 5. d3 O-O 6. a3 a6 7. Bc4 Be7 8. O-O
d6 9. h3 h6 10. d4 b5 11. dxe5 Nxe5 12. Ba2 c5 13. Bf4 Ng6 14. Bh2 c4 15. Qd4
Bb7 16. Rad1 Qa5 17. Rfe1 Rfd8 18. Qe3 Bf8 19. Bb1 Re8 20. Qd2 Qb6 21. Nd5 Bxd5
22. exd5 Ne7 23. c3 Nexd5 24. Nd4 g6 25. Rxe8 Rxe8 26. Re1 Rxe1+ 27. Qxe1 h5 28.
Bg3 Qb7 29. Qe2 Qe7 30. Qxe7 Bxe7 31. Nc6 Bf8 32. Na5 Bh6 33. Bxd6 Bc1 34. b3
Nxc3 35. Bc2 Ne2+ 36. Kf1 Nd4 37. Bd1 Ne4 38. Bb4 c3 39. f3 c2 40. Bxc2 Nd2+ 41.
Ke1 Nxc2+ 42. Kd1 Nxb4 43. Kxc1 Nxb3+ 44. Nxb3 Nc6 45. Nc5 a5 46. Ne4 Kf8 47.
Nc3 b4 48. axb4 Nxb4 49. Kd2 Ke7 50. Ke3 Kd6 51. Kd4 Nc2+ 52. Ke4 h4 53. Kf4 Ne1
54. g4 f6 55. Ke4 g5 56. f4 Kc5 57. Kf5 Kc4 58. Na4 gxf4 59. Kxf4 Nd3+ 60. Kf5
Kb4 61. Nb6 Nf2 62. g5 fxg5 63. Kxg5 Nxh3+ 64. Kxh4 Ng1 65. Kg3 Ne2+ 66. Kf2 Nc1
67. Ke1 Kc3 68. Kd1 Nb3 69. Na4+ Kd3 70. Nb6 Kc3 71. Na4+ Kb4 72. Nb6 Kb5 73.
Nd5 Kc5 74. Nc3 Kc4 75. Kc2 Nd4+ 76. Kb2 Ne6 77. Ka3 Nc5 78. Ne4 1/2-1/2

[Event "Chigorin Memorial Open"]
[Site "St Petersburg RUS"]
[Date "2011.10.15"]
[Round "2.28"]
[White "Vysochin, Spartak"]
[Black "Ageichenko, Genadi A"]
[Result "1-0"]
[WhiteTitle "GM"]
[BlackTitle "IM"]
[WhiteElo "2558"]
[BlackElo "2343"]
[WhiteFideId "14103516"]
[BlackFideId "4105222"]
[EventDate "2011.10.14"]

1. e4 c6 2. d4 d5 3. e5 Bf5 4. Nf3 e6 5. Be2 Ne7 6. c3 Nd7 7. O-O Bg6 8. Nh4 c5
9. Nd2 Nc6 10. Nxg6 hxg6 11. Nf3 cxd4 12. cxd4 Be7 13. Be3 Qb6 14. Rb1 a5 15. g3
a4 16. h4 Qa5 17. Kg2 Nb6 18. Bd2 Bb4 19. Bf4 a3 20. bxa3 Qxa3 21. Rb3 Qa7 22.
a3 Ba5 23. Qb1 Rb8 24. Rc1 O-O 25. h5 Nc4 26. hxg6 Bd8 27. Rh1 Nxd4 28. Rh8+ 1-0

[Event "Chigorin Memorial Open"]
[Site "St Petersburg RUS"]
[Date "2011.10.15"]
[Round "2.30"]
[White "Vastrukhin, Oleg"]
[Black "Popov, Valerij"]
[Result "0-1"]
[BlackTitle "GM"]
[WhiteElo "2361"]
[BlackElo "2545"]
[WhiteFideId "4192770"]
[BlackFideId "4119410"]
[EventDate "2011.10.14"]

1. Nf3 c5 2. g3 g6 3. Bg2 Bg7 4. O-O Nc6 5. c3 d5 6. d4 cxd4 7. Nxd4 e6 8. Nxc6
bxc6 9. Be3 Nf6 10. Bc5 Bf8 11. Bxf8 Kxf8 12. Nd2 Kg7 13. e4 Ba6 14. Re1 Qb6 15.
Qb3 Rhd8 16. Qxb6 axb6 17. a4 Bd3 18. b4 Ra7 19. a5 Rda8 20. exd5 cxd5 21. Nb3
bxa5 22. Rxa5 Rxa5 23. Nxa5 Rc8 24. Rc1 e5 25. Nb7 Ra8 26. Nc5 Bc4 27. Bf1 Bxf1
28. Kxf1 Ra2 29. h3 Ne8 30. Rb1 Nc7 31. Nd7 Nb5 32. Rc1 e4 33. Nc5 f5 34. Ne6+
Kf6 35. Nd4 Na3 36. h4 h6 37. Kg1 g5 38. hxg5+ hxg5 39. Rd1 Nc4 40. Nb3 Ke5 41.
Nc5 Rc2 42. Na4 e3 43. fxe3 Nxe3 44. Re1 Rg2+ 45. Kh1 Rxg3 46. b5 Kf4 47. b6 Kf3
48. b7 Ng4 49. Rf1+ Nf2+ 50. Rxf2+ Kxf2 51. b8=Q Rh3+ 52. Qh2+ Rxh2+ 53. Kxh2 g4
54. Nb2 g3+ 55. Kh3 g2 56. Nd1+ Ke2 0-1

[Event "Chigorin Memorial Open"]
[Site "St Petersburg RUS"]
[Date "2011.10.15"]
[Round "2.32"]
[White "Shchukin, Dmitry"]
[Black "Gabrielian, Artur"]
[Result "1-0"]
[WhiteTitle "IM"]
[BlackTitle "GM"]
[WhiteElo "2344"]
[BlackElo "2531"]
[WhiteFideId "4121724"]
[BlackFideId "4131002"]
[EventDate "2011.10.14"]

1. Nf3 Nf6 2. g3 g6 3. Bg2 Bg7 4. O-O d5 5. d3 O-O 6. Bg5 h6 7. Bxf6 Bxf6 8. Nc3
Bg7 9. Nd2 c6 10. a4 Qb6 11. Ra3 Na6 12. a5 Qb4 13. Qc1 h5 14. e4 e6 15. Ra4 Qd6
16. d4 Bd7 17. Nb3 c5 18. dxc5 Nxc5 19. Nxc5 Qxc5 20. Ra3 d4 21. Nb1 Bb5 22. Re1
Rac8 23. c3 Rfd8 24. Qf4 Be5 25. Qg5 a6 26. h4 Kg7 27. cxd4 Qb4 28. Nc3 Bxd4 29.
Qc1 Qd6 30. Qf4 Qb4 31. e5 Bc5 32. Re4 Qxb2 33. Qf6+ Kg8 34. Nxb5 Bxa3 35. Rf4
Rd7 36. Nd4 Rcc7 37. Nxe6 Qb1+ 38. Kh2 fxe6 39. Be4 Qb5 40. Qxg6+ Rg7 41. Qxe6+
Kh8 42. Bd5 Kh7 43. Rf6 1-0

[Event "Chigorin Memorial Open"]
[Site "St Petersburg RUS"]
[Date "2011.10.15"]
[Round "2.33"]
[White "Mastrovasilis, Athanasios"]
[Black "Dzhangobegov, Vladimir"]
[Result "1/2-1/2"]
[WhiteTitle "GM"]
[WhiteElo "2529"]
[BlackElo "2333"]
[WhiteFideId "4201990"]
[BlackFideId "4180984"]
[EventDate "2011.10.14"]

1. Nf3 Nf6 2. d4 g6 3. g3 Bg7 4. Bg2 O-O 5. O-O d5 6. Bf4 Nbd7 7. Qc1 c5 8. dxc5
Nxc5 9. Nc3 Nfe4 10. Bh6 Nxc3 11. bxc3 Ne4 12. Bxg7 Kxg7 13. Qe3 Qb6 14. Qd3 Qc5
15. Rab1 e6 16. c4 Qxc4 17. Qxc4 dxc4 18. Rb4 Rd8 19. Rxc4 Nd2 20. Nxd2 Rxd2 21.
Rb1 e5 22. Rc7 Bf5 23. h3 Rc8 24. Rbxb7 Rxc7 25. Rxc7 Rxc2 26. Rxa7 Be6 27. a4
Rxe2 28. a5 Re1+ 29. Kh2 Re2 30. Kg1 Re1+ 31. Kh2 Re2 32. Kg1 1/2-1/2

[Event "Chigorin Memorial Open"]
[Site "St Petersburg RUS"]
[Date "2011.10.15"]
[Round "2.34"]
[White "Charochkina, Daria"]
[Black "Yevseev, Denis"]
[Result "1/2-1/2"]
[WhiteTitle "WIM"]
[BlackTitle "GM"]
[WhiteElo "2332"]
[BlackElo "2529"]
[WhiteFideId "4180917"]
[BlackFideId "4126378"]
[EventDate "2011.10.14"]

1. d4 Nf6 2. c4 g6 3. Nc3 Bg7 4. e4 d6 5. f4 O-O 6. Nf3 Na6 7. Be2 e5 8. dxe5
dxe5 9. Qxd8 Rxd8 10. Nxe5 Nc5 11. Bf3 Be6 12. O-O Nfd7 13. Nxd7 Bd4+ 14. Kh1
Rxd7 15. Nd5 c6 16. Be3 cxd5 17. Bxd4 dxe4 18. Bxc5 exf3 19. Rxf3 Bxc4 20. Rc3
Bd5 21. Kg1 Be4 22. Be3 Rad8 23. Rac1 f5 24. Rc8 Rxc8 25. Rxc8+ Kf7 26. Rc1 Ke6
27. Kf2 a6 28. g3 Rd6 29. Ke2 Rc6 30. Rxc6+ Bxc6 31. Bd4 Kd5 32. Ke3 Bb5 33. Bg7
Bc6 34. Bd4 Bb5 35. Bg7 Bc6 36. Bd4 Bb5 37. Bg7 Bc6 38. Bd4 Bb5 39. Bg7 Bc6 40.
Bd4 Bb5 1/2-1/2

[Event "Chigorin Memorial Open"]
[Site "St Petersburg RUS"]
[Date "2011.10.15"]
[Round "2.35"]
[White "Frolochkin, Vladimir"]
[Black "Rasulov, Vugar"]
[Result "0-1"]
[BlackTitle "GM"]
[WhiteElo "2331"]
[BlackElo "2523"]
[WhiteFideId "4181050"]
[BlackFideId "13402390"]
[EventDate "2011.10.14"]

1. e4 c5 2. Ne2 d6 3. g3 g6 4. Bg2 Bg7 5. c3 Nf6 6. O-O O-O 7. d4 Qc7 8. h3 Nc6
9. f4 Rd8 10. d5 Nb8 11. g4 e6 12. Ng3 exd5 13. exd5 Nbd7 14. g5 Ne8 15. Nd2 b5
16. Nf3 b4 17. f5 bxc3 18. f6 cxb2 19. Bxb2 Bf8 20. h4 Nb6 21. h5 Bg4 22. Qd3 c4
23. Qe4 c3 24. hxg6 cxb2 25. gxf7+ Qxf7 26. Rae1 Bxf3 27. Bxf3 Kh8 28. Qd4 Qg6
29. f7+ Ng7 30. Qh4 Rac8 31. Be4 Rc4 32. Qh2 Rxe4 33. Rxe4 Nc4 34. Qc2 Ne3 35.
Qxb2 Nxf1 36. Kxf1 Qxf7+ 37. Kg1 Re8 38. Qf6 Kg8 39. Rf4 Qxd5 40. g6 hxg6 41.
Qxg6 Re1+ 42. Nf1 Re5 43. Kf2 Rf5 0-1

[Event "Chigorin Memorial Open"]
[Site "St Petersburg RUS"]
[Date "2011.10.15"]
[Round "2.36"]
[White "Al-Sayed, Mohammed"]
[Black "Leontiev, Aleksandr V."]
[Result "1/2-1/2"]
[WhiteTitle "GM"]
[BlackTitle "IM"]
[WhiteElo "2519"]
[BlackElo "2329"]
[WhiteFideId "12100196"]
[BlackFideId "4122968"]
[EventDate "2011.10.14"]

1. d4 Nf6 2. c4 g6 3. Nc3 d5 4. Bg5 Ne4 5. Bh4 Bg7 6. e3 c5 7. cxd5 Nxc3 8. bxc3
Qxd5 9. Nf3 Nc6 10. Be2 cxd4 11. cxd4 e5 12. dxe5 Qa5+ 13. Qd2 Qxd2+ 14. Kxd2
Nxe5 15. Nxe5 Bxe5 16. Rab1 O-O 17. f4 Bc7 18. Bc4 Re8 19. Bf6 Be6 20. Rhc1 Ba5+
21. Ke2 Bb6 22. Be5 f6 23. Bxf6 Bxc4+ 24. Rxc4 Rxe3+ 25. Kf1 Rf8 26. Bh4 Ra3 27.
Be7 Rxa2 28. Bxf8 Kxf8 29. Rd1 Kf7 30. Rd7+ Ke6 31. Rxb7 Kd5 32. Rc8 Rf2+ 33.
Ke1 Rxg2 34. Rxh7 Ke4 35. Re8+ Kxf4 36. Rf7+ Kg5 37. Re5+ Kg4 38. Re4+ Kg5 39.
h4+ Kh6 40. Kf1 Rh2 41. Rg4 Bd8 42. Rf8 Be7 43. Rg8 Kh5 44. R4xg6 Bxh4 45. R6g7
Rf2+ 46. Kg1 Rf6 47. Rg2 a5 48. Rh2 Rf4 49. Rhg2 Bf6 50. R2g3 a4 51. Kg2 Rb4 52.
R8g6 Bh4 53. Ra6 Bxg3 54. Kxg3 Kg5 55. Kf3 Rh4 56. Ke3 a3 57. Kd3 Rh6 58. Rxh6
Kxh6 1/2-1/2

[Event "Chigorin Memorial Open"]
[Site "St Petersburg RUS"]
[Date "2011.10.15"]
[Round "2.37"]
[White "Tappyrov, Vladimir"]
[Black "Gavrilov, Alexei1"]
[Result "0-1"]
[WhiteTitle "FM"]
[BlackTitle "GM"]
[WhiteElo "2330"]
[BlackElo "2509"]
[WhiteFideId "4157184"]
[BlackFideId "4104358"]
[EventDate "2011.10.14"]

1. d4 Nf6 2. c4 e6 3. g3 d5 4. Bg2 Bb4+ 5. Bd2 Be7 6. Nf3 O-O 7. O-O c6 8. b3
Nbd7 9. Bf4 b6 10. Nc3 Ba6 11. Nd2 Nh5 12. e3 Nxf4 13. gxf4 Rc8 14. Ne2 Nf6 15.
Rc1 c5 16. Re1 cxd4 17. Nxd4 Bc5 18. Nc2 dxc4 19. Nxc4 Bxc4 20. bxc4 Qe8 21. Nd4
e5 22. fxe5 Qxe5 23. Nc6 Qc7 24. Qf3 Rfe8 25. Red1 Ne4 26. Nd4 g6 27. Nb5 Qe7
28. Qxe4 Qxe4 29. Bxe4 Rxe4 30. Kg2 Re7 31. Kf3 Kg7 32. Rd3 Rc6 33. Rcd1 Rf6+
34. Ke2 Re4 35. Rc3 Rh4 36. Rh1 a5 37. Nc7 Rc6 38. Nd5 Bb4 39. Nxb4 axb4 40. Rb3
Rcxc4 41. Kd3 b5 42. h3 Rh5 43. Rb2 Rc3+ 44. Ke2 Kf6 45. Rd1 Rxh3 46. Rd5 Rcxe3+
47. Kf1 Re4 48. Rxb5 Ra3 49. Rb6+ Kg7 50. Rb7 h5 51. Rb5 Rf4 52. Kg2 Kh6 53. Kh2
Rg4 54. Rd2 Rf3 55. Rbd5 f6 56. R5d3 Rxd3 57. Rxd3 g5 58. Rb3 h4 59. Kh3 Rf4 60.
Kg2 g4 61. Rb2 Kg5 62. Rc2 h3+ 63. Kh2 f5 64. Kg1 Rf3 65. Rb2 Kh4 66. Rxb4 h2+
67. Kg2 Rxf2+ 68. Kh1 Kh3 69. Rb1 g3 0-1

[Event "Chigorin Memorial Open"]
[Site "St Petersburg RUS"]
[Date "2011.10.15"]
[Round "2.39"]
[White "Barhudarian, Rafael"]
[Black "Belous, Vladimir"]
[Result "1/2-1/2"]
[WhiteTitle "FM"]
[WhiteElo "2325"]
[BlackElo "2504"]
[WhiteFideId "4182685"]
[BlackFideId "4174003"]
[EventDate "2011.10.14"]

1. d4 Nf6 2. Nc3 d5 3. Bg5 Nbd7 4. Qd3 h6 5. Bh4 c6 6. Nf3 Qa5 7. a3 e6 8. Rb1
Bd6 9. Bg3 Bxg3 10. hxg3 O-O 11. b4 Qc7 12. e3 e5 13. dxe5 Nxe5 14. Qd4 Re8 15.
Nxe5 Qxe5 16. Qxe5 Rxe5 17. Rh4 Ng4 18. Be2 h5 19. Bxg4 Bxg4 20. Ne2 b6 21. Kd2
g6 22. a4 Rae8 23. Rb3 c5 24. bxc5 bxc5 25. Nc1 Rc8 26. Rb7 c4 27. Kc3 a5 28.
Rh1 Rd8 29. Rg1 Re4 30. f3 Rxe3+ 31. Kd4 Bc8 32. Rb5 Ra3 33. Rxa5 Bf5 34. Rxd5
Ra8 35. Ne2 Be6 36. Rd6 R3xa4 37. Nc3 Rb4 38. Rb1 Rxb1 39. Nxb1 Ra1 40. Rb6 Kg7
41. Rb2 g5 42. Rb5 Kg6 43. Rb6 Ra2 44. Kc3 g4 45. Nd2 Ra3+ 46. Kd4 Ra2 47. Kc3
Ra3+ 48. Kd4 Ra2 1/2-1/2